000 01409nam a2200301 i 4500
001 768714001
003 CO-MdFUSB
005 20241204171002.0
007 ta
008 241204t1981 -us||||| |||| 001 0deng d
020 _a0-89066-033-6
040 _aCO-MdFUSB
_beng
_cCO-MdFUSB
_dCO-MdFUSB
_erda
041 0 _aeng
082 0 4 _a236.6
_223
_bG7381t
100 1 _aGraham, Billy (1918-)
_eautor
245 1 0 _aTill Armageddon : a perspective on suffering
_c/ Billy Graham
264 1 _bWorld Wide Publications,
_aEstados Unidos
_c[1981]
264 4 _c©1981
300 _a224 Páginas
_c20 cm
336 _atexto
_btxt
_2rdacontent
337 _2rdamedia
_asin mediación
_bn
338 _2rdacarrier
_avolumen
_bnc
505 _tSe cierra la tormenta. -- Armagedones personales. -- ¿Quién está a cargo de un mundo que sufre? -- El nacimiento de un mundo sufriente. -- El sufrimiento salvador. -- ¿Por que no están exceptuados los cristianos? -- El sufrimiento preanunciado. -- Sufrimientos sutiles. -- Sobreponernos a las circunstancias. ¿Qué hacer con mi dolor? -- El papel de la oración en el sufrimiento. -- Promesas para los que sufren. -- como prepararnos para el sufrimiento. -- Como ayudar a los que sufren. -- La muerte y como encararla. -- Después de Armagedón: La gloria que nos espera.
563 _arustico
650 7 _aSufrimiento
_9281
942 _cBK
945 _aLuz Peña
999 _c36059
_d36059